MARC

LEADER 00000nas a22000007i 4500
001 ssj0002030
003 WaSeSS
005 20200512172242.0
006 m d
007 cr n
008 050614c19379999dcubn pss o 0 a0eng c
010 |a  2006212143 
022 |a 1930-3653  |l 0037-7724  |y 0037-7724 
035 |a (WaSeSS)ssj0002030 
037 |b National Council for the Social Studies, 8555 Sixteenth St., Ste. 500, Silver Spring, MD 20910 
040 |a OCLCS  |b eng  |e pn  |c OCLCS  |d NSD  |d OCLCQ  |d OCLCA  |d OCLCQ  |d OCLCF  |d OCLCO  |d TXA  |d OCLCO  |d OCLCQ  |d MUX  |d OCLCE  |d OCLCO  |d OCLCQ  |d GILDS  |d OCLCO  |d CSU  |d CUS  |d OCLCQ  |d WaSeSS 
042 |a nsdp  |a pcc 
050 4 |a H62.A1  |b S6 
082 0 4 |a 307 
222 0 |a Social education  |b (Online) 
245 0 0 |a Social education  |h [electronic resource]. 
260 |a [Arlington, Va., etc.] :  |b National Council for the Social Studies 
310 |a 6 issues yearly: Sept., Oct., Nov./Dec., Jan./Feb., Mar./Apr., May/June,  |b 2010- 
321 |a Monthly (except June-Aug.),  |b 1937- 
321 |a 7 no. a year,  |b <Nov./Dec. 1975>-2009 
362 1 |a Print began with v. 1 in Jan. 1937. 
500 |a Includes section "Book reviews." 
500 |a Editor: 1937- B.M. Hunt. 
506 |a License restrictions may limit access. 
550 |a Vols. for 1937- issued by the American Historical Association and the National Council for the Social Studies. 
550 |a "Official journal of the National Council for the Social Studies." 
580 |a Includes a supplement: Middle level learning, 1998- 
588 |a Description based on: Volume 73, number 1 (January/Ferbruary 2009); title from PDF article running title (IngentaConnect, viewed August 18, 2015). 
588 |a Latest issue consulted: Volume 83, number 6 (November 2019) (viewed December 3, 2019). 
650 0 |a Social sciences  |x Study and teaching  |v Periodicals. 
650 6 |a Sciences sociales  |x Étude et enseignement  |v Périodiques. 
650 7 |a Social sciences  |x Study and teaching.  |2 fast  |0 (OCoLC)fst01123000 
653 0 |a Education  |a Social sciences 
655 0 |a Electronic journals. 
700 1 |a Hunt, Erling M.  |q (Erling Messer),  |d 1901-1978. 
710 2 |a National Council for the Social Studies. 
710 2 |a American Historical Association. 
770 0 |t Middle level learning 
776 0 8 |i Print version:  |t Social education  |x 0037-7724  |w (DLC) 40012480  |w (OCoLC)1682295 
856 4 0 |z Full text available from Research Library: 01/01/1989 to 11/30/2000  |u https://search.proquest.com/publication/41058